| 000 | 00587nam a2200169Ia 4500 | ||
|---|---|---|---|
| 008 | 090711s9999 xx 000 0 und d | ||
| 082 | _b73682 | ||
| 100 | _aखाडिलकर नीलकंठ य. | ||
| 245 | _aशूरा मी वंदिले | ||
| 260 |
_bमनोरमा प्रकाशन _c1994 |
||
| 300 | _a216 | ||
| 600 | _aखाडिलकर नीलकंठ य. | ||
| 630 | _aशूरा मी वंदिले | ||
| 700 | _aखाडिलकर नीलकंठ य. | ||
| 730 | _aशूरा मी वंदिले | ||
| 942 | _cBOOK | ||
| 999 |
_c331384 _d331384 |
||